[Event "NDVM 2019 U16"]
[Site "Kiel"]
[Date "2019.09.10"]
[Round "7.1"]
[White "Bosselmann, Tom Linus"]
[Black "Woelk, Tom-Frederic"]
[Result "1/2-1/2"]
[BlackElo "2227"]
[WhiteElo "2011"]
[LiveChessVersion "1.4.8"]

1. e4 {[%clk 1:30:59]} e5 {[%clk 1:30:43]} 2. f4 {[%clk 1:30:37]} d5
{[%clk 1:25:40]} 3. exd5 {[%clk 1:30:42]} exf4 {[%clk 1:26:05]} 4. Nf3
{[%clk 1:31:00]} Ne7 {[%clk 1:22:11]} 5. Bb5+ {[%clk 1:30:08]} Bd7
{[%clk 1:18:29]} 6. Qe2 {[%clk 1:28:20]} a6 {[%clk 0:57:55]} 7. Bc4
{[%clk 1:25:38]} Bf5 {[%clk 0:51:38]} 8. d4 {[%clk 1:09:13]} c6 {[%clk 0:40:11]}
9. Nc3 {[%clk 1:05:46]} b5 {[%clk 0:35:22]} 10. Bb3 {[%clk 1:05:42]} b4
{[%clk 0:33:24]} 11. Ne4 {[%clk 1:05:47]} Bxe4 {[%clk 0:27:10]} 12. Qxe4
{[%clk 1:06:07]} cxd5 {[%clk 0:26:03]} 13. Ba4+ {[%clk 1:06:27]} Nd7
{[%clk 0:26:28]} 14. Qe2 {[%clk 1:04:37]} Qa5 {[%clk 0:25:40]} 15. b3
{[%clk 1:02:40]} O-O-O {[%clk 0:24:31]} 16. Bxd7+ {[%clk 1:01:10]} Kxd7
{[%clk 0:21:28]} 17. Ne5+ {[%clk 1:00:36]} Ke8 {[%clk 0:21:36]} 18. Nc6
{[%clk 0:57:46]} Qc7 {[%clk 0:21:57]} 19. Nxd8 {[%clk 0:46:23]} Qc3+
{[%clk 0:20:51]} 20. Qd2 {[%clk 0:46:16]} Qxa1 {[%clk 0:19:58]} 21. O-O
{[%clk 0:31:03]} 1/2-1/2

[Event "NDVM 2019 U16"]
[Site "Kiel"]
[Date "2019.09.10"]
[Round "7.2"]
[White "Kotyk, Michael"]
[Black "Rietschel, Tilo"]
[Result "1-0"]
[BlackElo "1961"]
[WhiteElo "2077"]
[LiveChessVersion "1.4.8"]

1. Nf3 {[%clk 1:30:57]} c5 {[%clk 1:30:42]} 2. b3 {[%clk 1:31:19]} Nf6
{[%clk 1:27:56]} 3. Bb2 {[%clk 1:31:42]} d6 {[%clk 1:21:27]} 4. g3
{[%clk 1:31:43]} g6 {[%clk 1:21:22]} 5. Bg2 {[%clk 1:32:05]} Bg7 {[%clk 1:21:47]}
6. O-O {[%clk 1:31:08]} O-O {[%clk 1:21:58]} 7. d4 {[%clk 1:31:13]} Nfd7
{[%clk 1:19:15]} 8. c4 {[%clk 1:27:38]} Nc6 {[%clk 1:17:35]} 9. Qd2
{[%clk 1:27:53]} cxd4 {[%clk 1:12:01]} 10. Nxd4 {[%clk 1:28:13]} Qb6
{[%clk 1:08:50]} 11. e3 {[%clk 1:24:27]} Re8 {[%clk 1:02:29]} 12. Rd1
{[%clk 1:18:50]} Nde5 {[%clk 0:56:14]} 13. Nc3 {[%clk 1:18:03]} Bg4
{[%clk 0:55:24]} 14. Nd5 {[%clk 1:16:16]} Qd8 {[%clk 0:55:16]} 15. Re1
{[%clk 1:13:26]} Nxd4 {[%clk 0:53:02]} 16. Bxd4 {[%clk 1:13:46]} Nf3+
{[%clk 0:53:11]} 17. Bxf3 {[%clk 1:14:10]} Bxf3 {[%clk 0:53:38]} 18. Bxg7
{[%clk 1:14:35]} Kxg7 {[%clk 0:52:58]} 19. e4 {[%clk 1:15:04]} Bg4
{[%clk 0:42:20]} 20. f3 {[%clk 1:05:31]} Be6 {[%clk 0:39:47]} 21. Qd4+
{[%clk 1:05:34]} Kg8 {[%clk 0:37:35]} 22. f4 {[%clk 1:05:14]} Bxd5
{[%clk 0:36:05]} 23. exd5 {[%clk 1:05:33]} Qc8 {[%clk 0:31:20]} 24. Kg2
{[%clk 0:58:54]} Qc5 {[%clk 0:28:04]} 25. Qd3 {[%clk 0:57:01]} Rac8
{[%clk 0:23:30]} 26. f5 {[%clk 0:55:11]} Qa5 {[%clk 0:10:38]} 27. fxg6
{[%clk 0:54:33]} hxg6 {[%clk 0:10:59]} 28. Re4 {[%clk 0:54:46]} Kg7
{[%clk 0:06:30]} 29. Qd4+ {[%clk 0:49:21]} f6 {[%clk 0:06:45]} 30. Re2
{[%clk 0:47:59]} Qc5 {[%clk 0:05:12]} 31. Qg4 {[%clk 0:47:48]} Rc7
{[%clk 0:03:52]} 32. h4 {[%clk 0:42:09]} Rh8 {[%clk 0:04:14]} 33. Rae1
{[%clk 0:39:17]} Kf7 {[%clk 0:04:13]} 34. Qe6+ {[%clk 0:39:38]} Kg7
{[%clk 0:03:29]} 35. Qh3 {[%clk 0:33:47]} Kf7 {[%clk 0:03:58]} 36. Rf1
{[%clk 0:29:07]} b5 {[%clk 0:03:06]} 37. Qe6+ {[%clk 0:29:05]} Kg7
{[%clk 0:03:23]} 38. Rf4 {[%clk 0:29:23]} Rh5 {[%clk 0:03:10]} 39. Rg4
{[%clk 0:29:06]} Kh7 {[%clk 0:02:23]} 40. Qf7+ {[%clk 0:29:29]} 1-0

[Event "NDVM 2019 U16"]
[Site "Kiel"]
[Date "2019.09.10"]
[Round "7.3"]
[White "Glinzner, Alva"]
[Black "Grabbel, Lennart Christian"]
[Result "1-0"]
[BlackElo "1927"]
[WhiteElo "1948"]
[LiveChessVersion "1.4.8"]

1. e4 {[%clk 1:30:58]} e5 {[%clk 1:30:56]} 2. Nf3 {[%clk 1:31:20]} Nc6
{[%clk 1:31:21]} 3. Bb5 {[%clk 1:31:36]} a6 {[%clk 1:31:47]} 4. Ba4
{[%clk 1:31:40]} Nf6 {[%clk 1:32:06]} 5. Bxc6 {[%clk 1:31:30]} dxc6
{[%clk 1:32:29]} 6. d3 {[%clk 1:31:47]} Qd6 {[%clk 1:29:05]} 7. Nbd2
{[%clk 1:30:43]} Be6 {[%clk 1:28:34]} 8. b3 {[%clk 1:27:53]} g6 {[%clk 1:26:26]}
9. Bb2 {[%clk 1:21:27]} Nd7 {[%clk 1:26:50]} 10. Qe2 {[%clk 1:20:20]} Bg7
{[%clk 1:26:53]} 11. a4 {[%clk 1:15:09]} O-O {[%clk 1:26:18]} 12. O-O
{[%clk 1:14:12]} b5 {[%clk 1:16:26]} 13. Rfd1 {[%clk 1:05:54]} Rfd8
{[%clk 1:15:57]} 14. Nf1 {[%clk 1:03:56]} c5 {[%clk 1:11:39]} 15. Ne3
{[%clk 1:03:33]} c6 {[%clk 1:11:53]} 16. h3 {[%clk 0:53:09]} Nf8 {[%clk 1:04:38]}
17. Ba3 {[%clk 0:50:34]} Bc8 {[%clk 0:59:59]} 18. Ng4 {[%clk 0:46:55]} h5
{[%clk 0:55:38]} 19. Ngh2 {[%clk 0:46:39]} Ne6 {[%clk 0:55:47]} 20. Qe3
{[%clk 0:46:23]} Qe7 {[%clk 0:49:32]} 21. Nf1 {[%clk 0:42:26]} Kh7
{[%clk 0:49:33]} 22. h4 {[%clk 0:36:25]} Bh6 {[%clk 0:48:34]} 23. Qe1
{[%clk 0:36:05]} Nd4 {[%clk 0:47:02]} 24. Nxd4 {[%clk 0:35:23]} exd4
{[%clk 0:47:27]} 25. f3 {[%clk 0:30:26]} Be6 {[%clk 0:42:13]} 26. Qf2
{[%clk 0:22:14]} Qa7 {[%clk 0:39:32]} 27. f4 {[%clk 0:17:39]} Bg4
{[%clk 0:34:42]} 28. Re1 {[%clk 0:16:34]} Re8 {[%clk 0:32:50]} 29. Nd2
{[%clk 0:15:15]} Re6 {[%clk 0:30:27]} 30. g3 {[%clk 0:13:25]} Rae8
{[%clk 0:27:18]} 31. Bb2 {[%clk 0:11:08]} Qe7 {[%clk 0:22:43]} 32. Ba3
{[%clk 0:09:05]} f6 {[%clk 0:16:34]} 33. Nf3 {[%clk 0:05:39]} Kg8
{[%clk 0:13:59]} 34. Nxd4 {[%clk 0:05:53]} b4 {[%clk 0:11:12]} 35. Nxe6
{[%clk 0:06:18]} Qxe6 {[%clk 0:08:28]} 36. Bc1 {[%clk 0:05:59]} Bf8
{[%clk 0:07:10]} 37. Be3 {[%clk 0:05:57]} Qd6 {[%clk 0:07:32]} 38. Rf1
{[%clk 0:04:08]} f5 {[%clk 0:04:23]} 39. e5 {[%clk 0:03:58]} Qd5 {[%clk 0:04:47]}
40. Qg2 {[%clk 0:03:00]} Rc8 {[%clk 0:04:24]} 41. Rf2 {[%clk 0:02:08]} Kf7
{[%clk 0:04:11]} 42. Raf1 {[%clk 0:01:34]} Ke6 {[%clk 0:29:46]} 43. Rd2
{[%clk 0:31:37]} a5 {[%clk 0:28:56]} 44. Rff2 {[%clk 0:31:51]} Be7
{[%clk 0:26:31]} 45. Qf1 {[%clk 0:31:12]} Rd8 {[%clk 0:25:24]} 46. Kh2
{[%clk 0:27:20]} Rd7 {[%clk 0:21:54]} 47. Qg1 {[%clk 0:24:37]} Bd8
{[%clk 0:22:11]} 48. Rf1 {[%clk 0:24:21]} Bb6 {[%clk 0:22:31]} 49. Rc1
{[%clk 0:24:17]} Ba7 {[%clk 0:20:18]} 50. c4 {[%clk 0:22:01]} 1-0

[Event "NDVM 2019 U16"]
[Site "Kiel"]
[Date "2019.09.10"]
[Round "7.4"]
[White "Goltser, Ilja"]
[Black "Bornholdt, Joa Max"]
[Result "1-0"]
[BlackElo "1868"]
[WhiteElo "1830"]
[LiveChessVersion "1.4.8"]

1. e4 {[%clk 1:30:56]} e5 {[%clk 1:30:59]} 2. Nf3 {[%clk 1:31:19]} Nc6
{[%clk 1:31:24]} 3. Bc4 {[%clk 1:31:45]} Bc5 {[%clk 1:31:49]} 4. O-O
{[%clk 1:30:05]} Nf6 {[%clk 1:29:13]} 5. d4 {[%clk 1:30:29]} exd4
{[%clk 1:28:40]} 6. e5 {[%clk 1:30:48]} d5 {[%clk 1:28:54]} 7. exf6
{[%clk 1:30:54]} dxc4 {[%clk 1:29:10]} 8. fxg7 {[%clk 1:31:19]} Rg8
{[%clk 1:29:16]} 9. Bg5 {[%clk 1:29:04]} Be7 {[%clk 1:28:22]} 10. Bxe7
{[%clk 1:18:40]} Qxe7 {[%clk 1:27:42]} 11. Re1 {[%clk 1:19:00]} Be6
{[%clk 1:28:01]} 12. Nxd4 {[%clk 1:19:21]} Rd8 {[%clk 1:23:12]} 13. c3
{[%clk 1:14:19]} Nxd4 {[%clk 1:20:08]} 14. cxd4 {[%clk 1:14:42]} Rxg7
{[%clk 1:18:11]} 15. Nc3 {[%clk 1:11:18]} Kf8 {[%clk 1:12:36]} 16. Qf3
{[%clk 1:06:08]} c6 {[%clk 1:05:47]} 17. Re5 {[%clk 0:56:26]} Rxd4
{[%clk 0:53:55]} 18. Rae1 {[%clk 0:56:40]} Rg6 {[%clk 0:53:29]} 19. Ne2
{[%clk 0:51:01]} Rd6 {[%clk 0:36:53]} 20. Nf4 {[%clk 0:49:18]} Rh6
{[%clk 0:36:09]} 21. g4 {[%clk 0:44:17]} Rf6 {[%clk 0:07:43]} 22. g5
{[%clk 0:44:32]} Rxf4 {[%clk 0:07:55]} 23. Qxf4 {[%clk 0:44:52]} Qd7
{[%clk 0:08:02]} 24. h4 {[%clk 0:39:49]} Rd4 {[%clk 0:06:19]} 25. R5e4
{[%clk 0:40:17]} Rxe4 {[%clk 0:06:19]} 26. Qxe4 {[%clk 0:40:45]} Bd5
{[%clk 0:05:45]} 27. Qf4 {[%clk 0:40:56]} Qh3 {[%clk 0:05:36]} 28. Qd6+
{[%clk 0:40:44]} 1-0

[Event "NDVM 2019 U16"]
[Site "Kiel"]
[Date "2019.09.10"]
[Round "7.5"]
[White "Post, Hugo"]
[Black "Pahl, Erik"]
[Result "1/2-1/2"]
[BlackElo "1990"]
[WhiteElo "2176"]
[LiveChessVersion "1.4.8"]

1. e4 {[%clk 1:30:57]} c5 {[%clk 1:30:54]} 2. Nf3 {[%clk 1:31:16]} d6
{[%clk 1:31:18]} 3. d4 {[%clk 1:31:36]} cxd4 {[%clk 1:31:43]} 4. Nxd4
{[%clk 1:31:57]} Nf6 {[%clk 1:32:07]} 5. Nc3 {[%clk 1:32:17]} Bd7
{[%clk 1:32:33]} 6. f3 {[%clk 1:25:35]} e5 {[%clk 1:32:40]} 7. Nb3
{[%clk 1:25:35]} Be7 {[%clk 1:32:55]} 8. Be3 {[%clk 1:24:41]} O-O
{[%clk 1:33:04]} 9. Qd2 {[%clk 1:21:38]} a5 {[%clk 1:33:06]} 10. a4
{[%clk 1:03:06]} Na6 {[%clk 1:33:21]} 11. O-O-O {[%clk 1:02:04]} Rc8
{[%clk 1:11:10]} 12. Bb5 {[%clk 0:57:04]} Nb4 {[%clk 1:08:07]} 13. Kb1
{[%clk 0:53:48]} Bxb5 {[%clk 1:00:08]} 14. axb5 {[%clk 0:53:35]} a4
{[%clk 0:53:32]} 15. Nxa4 {[%clk 0:43:32]} Nxc2 {[%clk 0:53:08]} 16. Bb6
{[%clk 0:43:26]} Qd7 {[%clk 0:53:07]} 17. Nc3 {[%clk 0:43:17]} Rxc3
{[%clk 0:46:24]} 18. Qxc3 {[%clk 0:36:52]} Rc8 {[%clk 0:46:46]} 19. Bc5
{[%clk 0:36:46]} Qxb5 {[%clk 0:45:20]} 20. Kxc2 {[%clk 0:29:37]} dxc5
{[%clk 0:45:29]} 21. Qxe5 {[%clk 0:27:49]} Qc4+ {[%clk 0:40:45]} 22. Qc3
{[%clk 0:27:43]} Qe6 {[%clk 0:41:00]} 23. Nd2 {[%clk 0:17:25]} b5
{[%clk 0:40:54]} 24. Qb3 {[%clk 0:16:25]} Qc6 {[%clk 0:40:25]} 25. Qc3
{[%clk 0:13:46]} c4 {[%clk 0:39:25]} 26. Kb1 {[%clk 0:08:33]} b4 {[%clk 0:39:05]}
27. Qxc4 {[%clk 0:08:48]} Qxc4 {[%clk 0:39:21]} 28. Nxc4 {[%clk 0:09:17]} Rxc4
{[%clk 0:39:34]} 29. Rc1 {[%clk 0:07:00]} Rxc1+ {[%clk 0:37:51]} 30. Rxc1
{[%clk 0:07:02]} g6 {[%clk 0:36:39]} 31. Ka2 {[%clk 0:06:02]} Kg7
{[%clk 0:34:15]} 32. Rc8 {[%clk 0:05:53]} h5 {[%clk 0:33:22]} 33. Rb8
{[%clk 0:05:05]} h4 {[%clk 0:32:26]} 34. Rb7 {[%clk 0:04:59]} Bd6
{[%clk 0:31:20]} 35. Rb6 {[%clk 0:04:16]} Bxh2 {[%clk 0:30:40]} 36. Rxb4
{[%clk 0:04:18]} Nh5 {[%clk 0:30:37]} 37. Rc4 {[%clk 0:04:13]} Nf4
{[%clk 0:24:01]} 38. Rc2 {[%clk 0:04:39]} Bg1 {[%clk 0:20:45]} 39. b4
{[%clk 0:03:03]} Kh6 {[%clk 0:17:18]} 40. b5 {[%clk 0:01:59]} Kh5
{[%clk 0:16:07]} 41. Kb3 {[%clk 0:29:00]} g5 {[%clk 0:45:53]} 42. Ka4
{[%clk 0:26:28]} g4 {[%clk 0:43:58]} 43. fxg4+ {[%clk 0:26:26]} Kxg4
{[%clk 0:44:22]} 44. Ka5 {[%clk 0:26:13]} Kg3 {[%clk 0:42:50]} 45. b6
{[%clk 0:25:27]} Bxb6+ {[%clk 0:42:48]} 46. Kxb6 {[%clk 0:25:55]} Nxg2
{[%clk 0:43:10]} 47. Kc6 {[%clk 0:20:00]} h3 {[%clk 0:42:20]} 48. Rc1
{[%clk 0:12:38]} h2 {[%clk 0:40:40]} 49. Kd6 {[%clk 0:12:30]} Nh4
{[%clk 0:40:40]} 50. Ke7 {[%clk 0:12:07]} Nf3 {[%clk 0:40:59]} 51. Rh1
{[%clk 0:11:39]} 1/2-1/2

[Event "NDVM 2019 U16"]
[Site "Kiel"]
[Date "2019.09.10"]
[Round "7.6"]
[White "Pahl, Theis"]
[Black "Dietz, Florian"]
[Result "1/2-1/2"]
[BlackElo "2080"]
[WhiteElo "1895"]
[LiveChessVersion "1.4.8"]

1. e4 {[%clk 1:30:57]} c5 {[%clk 1:30:52]} 2. Nf3 {[%clk 1:31:20]} e6
{[%clk 1:31:16]} 3. d4 {[%clk 1:31:44]} cxd4 {[%clk 1:31:43]} 4. Nxd4
{[%clk 1:32:09]} Nc6 {[%clk 1:32:10]} 5. Nc3 {[%clk 1:32:29]} Qc7
{[%clk 1:32:35]} 6. Be2 {[%clk 1:32:35]} Nf6 {[%clk 1:32:31]} 7. a3
{[%clk 1:31:32]} Be7 {[%clk 1:30:47]} 8. Be3 {[%clk 1:31:27]} O-O
{[%clk 1:30:15]} 9. f4 {[%clk 1:29:13]} d6 {[%clk 1:30:11]} 10. g4
{[%clk 1:22:10]} d5 {[%clk 1:26:08]} 11. e5 {[%clk 1:20:08]} Nd7 {[%clk 1:26:29]}
12. h4 {[%clk 1:11:30]} a6 {[%clk 1:25:09]} 13. Qd2 {[%clk 1:08:31]} b5
{[%clk 1:23:55]} 14. Nxc6 {[%clk 1:04:27]} Qxc6 {[%clk 1:24:08]} 15. Bf3
{[%clk 1:04:49]} Bb7 {[%clk 1:20:50]} 16. Ne2 {[%clk 1:02:12]} Nb6
{[%clk 1:17:10]} 17. b3 {[%clk 0:58:11]} Rac8 {[%clk 1:13:54]} 18. Ra2
{[%clk 0:56:30]} Nd7 {[%clk 1:09:31]} 19. Bd4 {[%clk 0:50:55]} Qc7
{[%clk 1:02:24]} 20. Qe3 {[%clk 0:47:26]} Bc5 {[%clk 1:00:56]} 21. c3
{[%clk 0:41:00]} a5 {[%clk 0:54:08]} 22. O-O {[%clk 0:35:18]} Qb8
{[%clk 0:40:40]} 23. b4 {[%clk 0:30:52]} Bxd4 {[%clk 0:39:39]} 24. cxd4
{[%clk 0:28:00]} Qa7 {[%clk 0:35:08]} 25. bxa5 {[%clk 0:22:37]} Qxa5
{[%clk 0:35:12]} 26. f5 {[%clk 0:22:15]} Kh8 {[%clk 0:34:16]} 27. Nf4
{[%clk 0:21:25]} Rc3 {[%clk 0:33:20]} 28. Qd2 {[%clk 0:20:59]} Ra8
{[%clk 0:30:53]} 29. fxe6 {[%clk 0:16:40]} fxe6 {[%clk 0:31:15]} 30. Nxe6
{[%clk 0:15:59]} Rxa3 {[%clk 0:30:59]} 31. Qg5 {[%clk 0:15:29]} Rg8
{[%clk 0:31:20]} 32. Rxa3 {[%clk 0:14:20]} Qxa3 {[%clk 0:31:45]} 33. Nd8
{[%clk 0:14:38]} Rf8 {[%clk 0:30:33]} 34. e6 {[%clk 0:01:52]} Rxf3
{[%clk 0:29:39]} 35. Rxf3 {[%clk 0:02:01]} Qxf3 {[%clk 0:30:00]} 36. Nf7+
{[%clk 0:00:34]} Kg8 {[%clk 0:30:23]} 37. Nh6+ {[%clk 0:00:35]} Kh8
{[%clk 0:30:43]} 38. Nf7+ {[%clk 0:01:01]} Kg8 {[%clk 0:31:09]} 39. exd7
{[%clk 0:00:33]} Qg3+ {[%clk 0:10:56]} 40. Kf1 {[%clk 0:00:47]} Qf3+
{[%clk 0:11:23]} 41. Ke1 {[%clk 0:30:06]} Qe4+ {[%clk 0:41:45]} 42. Kf2
{[%clk 0:23:55]} Qc2+ {[%clk 0:42:07]} 43. Kf3 {[%clk 0:16:14]} Qe4+
{[%clk 0:42:31]} 1/2-1/2

[Event "NDVM 2019 U16"]
[Site "Kiel"]
[Date "2019.09.10"]
[Round "7.7"]
[White "Henning, Marvin"]
[Black "Rabe, Maximilian"]
[Result "1/2-1/2"]
[BlackElo "1580"]
[WhiteElo "2034"]
[LiveChessVersion "1.4.8"]

1. e4 {[%clk 1:30:57]} e5 {[%clk 1:30:52]} 2. Nf3 {[%clk 1:31:22]} Nc6
{[%clk 1:31:16]} 3. Bb5 {[%clk 1:31:47]} f5 {[%clk 1:31:35]} 4. d4
{[%clk 1:29:00]} fxe4 {[%clk 1:30:37]} 5. Nxe5 {[%clk 1:28:56]} Nxe5
{[%clk 1:29:58]} 6. dxe5 {[%clk 1:29:23]} c6 {[%clk 1:30:06]} 7. Bc4
{[%clk 1:28:37]} Qa5+ {[%clk 1:27:59]} 8. Nc3 {[%clk 1:22:35]} Qxe5
{[%clk 1:26:41]} 9. g3 {[%clk 1:17:54]} d5 {[%clk 1:21:42]} 10. Bf4
{[%clk 1:17:38]} Qf5 {[%clk 1:21:06]} 11. Bxd5 {[%clk 1:12:35]} Nf6
{[%clk 1:02:30]} 12. Bb3 {[%clk 1:12:07]} Bc5 {[%clk 0:58:24]} 13. Qe2
{[%clk 1:10:42]} Bd7 {[%clk 0:49:55]} 14. O-O-O {[%clk 1:09:38]} O-O-O
{[%clk 0:49:39]} 15. h3 {[%clk 1:07:52]} Rhe8 {[%clk 0:46:33]} 16. Na4
{[%clk 1:02:28]} g5 {[%clk 0:35:53]} 17. Be3 {[%clk 1:01:48]} Bxe3+
{[%clk 0:36:07]} 18. Qxe3 {[%clk 1:01:49]} Kb8 {[%clk 0:35:52]} 19. Rhe1
{[%clk 0:34:58]} h6 {[%clk 0:31:29]} 20. g4 {[%clk 0:27:48]} Qe5 {[%clk 0:28:43]}
21. Nc3 {[%clk 0:26:20]} b6 {[%clk 0:23:36]} 22. Bf7 {[%clk 0:20:11]} Re7
{[%clk 0:17:15]} 23. Bc4 {[%clk 0:11:17]} Kc7 {[%clk 0:13:58]} 24. Rd2
{[%clk 0:10:42]} Be8 {[%clk 0:10:04]} 25. Red1 {[%clk 0:09:51]} Rxd2
{[%clk 0:08:43]} 26. Rxd2 {[%clk 0:10:20]} Rd7 {[%clk 0:08:50]} 27. Re2
{[%clk 0:10:07]} Bg6 {[%clk 0:08:36]} 28. a4 {[%clk 0:09:56]} a5 {[%clk 0:07:40]}
29. Bb3 {[%clk 0:05:21]} Rd8 {[%clk 0:05:16]} 1/2-1/2

[Event "NDVM 2019 U16"]
[Site "Kiel"]
[Date "2019.09.10"]
[Round "7.8"]
[White "Alhamid, Mohamad"]
[Black "Hundrieser, Malte"]
[Result "0-1"]
[BlackElo "1804"]
[WhiteElo "1716"]
[LiveChessVersion "1.4.8"]

1. e4 {[%clk 1:30:53]} d6 {[%clk 1:30:45]} 2. d4 {[%clk 1:31:19]} Nf6
{[%clk 1:31:08]} 3. Nc3 {[%clk 1:31:40]} e5 {[%clk 1:31:10]} 4. Nf3
{[%clk 1:31:29]} Nbd7 {[%clk 1:30:54]} 5. Bc4 {[%clk 1:15:49]} Be7
{[%clk 1:31:08]} 6. Ng5 {[%clk 1:12:43]} O-O {[%clk 1:31:24]} 7. Bxf7+
{[%clk 1:12:44]} Rxf7 {[%clk 1:31:48]} 8. Ne6 {[%clk 1:12:53]} Qe8
{[%clk 1:32:12]} 9. Nxc7 {[%clk 1:13:12]} Qd8 {[%clk 1:32:34]} 10. Nxa8
{[%clk 1:13:15]} b5 {[%clk 1:32:06]} 11. dxe5 {[%clk 1:05:24]} Nxe5
{[%clk 1:32:25]} 12. Be3 {[%clk 1:04:21]} Bb7 {[%clk 1:30:09]} 13. f3
{[%clk 0:55:14]} Bxa8 {[%clk 1:29:07]} 14. Nxb5 {[%clk 0:53:54]} Qa5+
{[%clk 1:25:57]} 15. Nc3 {[%clk 0:52:24]} Nc4 {[%clk 1:25:43]} 16. Qc1
{[%clk 0:51:10]} d5 {[%clk 1:21:05]} 17. Bd2 {[%clk 0:41:40]} Nxd2
{[%clk 1:02:34]} 18. Qxd2 {[%clk 0:41:46]} Bb4 {[%clk 1:02:34]} 19. Rd1
{[%clk 0:17:13]} Rc7 {[%clk 0:53:41]} 20. O-O {[%clk 0:15:15]} Bxc3
{[%clk 0:33:41]} 21. bxc3 {[%clk 0:15:43]} Rxc3 {[%clk 0:34:00]} 22. e5
{[%clk 0:15:33]} Ne8 {[%clk 0:33:39]} 23. Rfe1 {[%clk 0:14:10]} Qc5+
{[%clk 0:33:56]} 24. Kh1 {[%clk 0:13:04]} Rxc2 {[%clk 0:34:20]} 25. Qf4
{[%clk 0:11:46]} Rxa2 {[%clk 0:28:37]} 26. e6 {[%clk 0:10:23]} Qe7
{[%clk 0:28:53]} 27. Rc1 {[%clk 0:08:56]} Ra6 {[%clk 0:25:27]} 28. Qe5
{[%clk 0:02:42]} Bc6 {[%clk 0:20:27]} 29. Rc3 Qf6 {[%clk 0:19:27]} 30. Qxf6
{[%clk 0:01:49]} Nxf6 {[%clk 0:19:39]} 31. Rec1 {[%clk 0:01:43]} Be8
{[%clk 0:19:50]} 32. Rc7 {[%clk 0:01:01]} Rxe6 {[%clk 0:19:42]} 33. Rxa7
{[%clk 0:01:30]} d4 {[%clk 0:19:34]} 34. Rd1 {[%clk 0:01:14]} d3 {[%clk 0:19:24]}
35. Kg1 {[%clk 0:01:35]} Bb5 {[%clk 0:17:33]} 36. Rb7 {[%clk 0:01:09]} Ba6
{[%clk 0:17:18]} 37. Rc7 {[%clk 0:00:40]} Nd5 {[%clk 0:17:28]} 38. Rd7
{[%clk 0:00:37]} Nb6 {[%clk 0:16:12]} 39. Rd4 {[%clk 0:00:38]} Kf7
{[%clk 0:16:15]} 40. Rd2 {[%clk 0:00:37]} Ke7 {[%clk 0:14:46]} 41. Re4
{[%clk 0:28:51]} Rxe4 {[%clk 0:44:33]} 42. fxe4 {[%clk 0:29:15]} Kd6
{[%clk 0:43:44]} 43. Kf2 {[%clk 0:23:39]} Ke5 {[%clk 0:43:32]} 44. Ra2
{[%clk 0:23:24]} Bc4 {[%clk 0:43:09]} 45. Rb2 {[%clk 0:11:30]} Na4
{[%clk 0:41:56]} 46. Rb7 {[%clk 0:10:38]} Kxe4 {[%clk 0:42:01]} 47. Rb4
{[%clk 0:09:13]} Kd4 {[%clk 0:40:36]} 48. Rxa4 {[%clk 0:08:57]} d2
{[%clk 0:40:59]} 49. Ra1 {[%clk 0:06:00]} Kd3 {[%clk 0:41:11]} 50. Kg3
{[%clk 0:02:43]} Ke2 {[%clk 0:40:59]} 51. Kg4 {[%clk 0:02:31]} d1=Q
{[%clk 0:41:18]} 52. Rxd1 {[%clk 0:02:57]} Kxd1 {[%clk 0:41:42]} 53. Kg5
{[%clk 0:02:52]} Ke2 {[%clk 0:41:23]} 54. h4 {[%clk 0:02:59]} Bf7
{[%clk 0:40:54]} 55. Kf4 {[%clk 0:02:02]} Kf2 {[%clk 0:40:59]} 56. g4
{[%clk 0:02:22]} Be6 {[%clk 0:40:43]} 57. h5 {[%clk 0:01:08]} Kg2
{[%clk 0:40:43]} 58. g5 {[%clk 0:00:51]} Kh3 {[%clk 0:40:54]} 59. Ke5
{[%clk 0:00:35]} Bf7 {[%clk 0:40:39]} 60. h6 {[%clk 0:00:43]} gxh6
{[%clk 0:41:04]} 61. gxh6 {[%clk 0:01:03]} Kg4 {[%clk 0:40:56]} 0-1

[Event "NDVM 2019 U16"]
[Site "Kiel"]
[Date "2019.09.10"]
[Round "7.9"]
[White "Kluehs, Gustaf"]
[Black "Reimer, Philip"]
[Result "1-0"]
[BlackElo "2016"]
[WhiteElo "1887"]
[LiveChessVersion "1.4.8"]

1. d4 {[%clk 1:30:51]} Nf6 {[%clk 1:30:57]} 2. Nf3 {[%clk 1:31:00]} e6
{[%clk 1:31:08]} 3. c4 {[%clk 1:31:22]} a6 {[%clk 1:31:29]} 4. Nc3
{[%clk 1:28:36]} d5 {[%clk 1:31:50]} 5. c5 {[%clk 1:28:03]} Nbd7 {[%clk 1:21:45]}
6. Bf4 {[%clk 1:26:59]} Be7 {[%clk 1:21:18]} 7. e3 {[%clk 1:27:18]} Nh5
{[%clk 1:20:50]} 8. Bd3 {[%clk 1:26:55]} Nxf4 {[%clk 1:20:51]} 9. exf4
{[%clk 1:27:19]} c6 {[%clk 0:56:03]} 10. O-O {[%clk 1:24:32]} a5 {[%clk 0:56:04]}
11. a3 {[%clk 1:24:15]} b6 {[%clk 0:55:18]} 12. b4 {[%clk 1:24:38]} Ba6
{[%clk 0:55:27]} 13. Bxa6 {[%clk 1:23:52]} Rxa6 {[%clk 0:55:51]} 14. b5
{[%clk 1:12:05]} cxb5 {[%clk 0:54:41]} 15. c6 {[%clk 1:12:21]} Nf6
{[%clk 0:53:54]} 16. Nxb5 {[%clk 1:11:53]} Ne4 {[%clk 0:52:18]} 17. Qd3
{[%clk 1:02:21]} Ra8 {[%clk 0:52:14]} 18. Ne5 {[%clk 0:58:13]} O-O
{[%clk 0:49:23]} 19. Rfc1 {[%clk 0:52:01]} Nd6 {[%clk 0:44:05]} 20. a4
{[%clk 0:49:35]} Nxb5 {[%clk 0:43:37]} 21. Qxb5 {[%clk 0:49:50]} Qc7
{[%clk 0:35:21]} 22. Rab1 {[%clk 0:42:54]} Bb4 {[%clk 0:32:00]} 23. Nd7
{[%clk 0:40:13]} Rfd8 {[%clk 0:32:11]} 24. Ne5 {[%clk 0:33:41]} Rab8
{[%clk 0:26:59]} 25. Nd3 {[%clk 0:32:57]} Bd6 {[%clk 0:26:05]} 26. Ne5
{[%clk 0:26:56]} Bxe5 {[%clk 0:18:52]} 27. fxe5 {[%clk 0:27:16]} Rdc8
{[%clk 0:18:22]} 28. h3 {[%clk 0:26:27]} f6 {[%clk 0:17:24]} 29. exf6
{[%clk 0:22:24]} gxf6 {[%clk 0:17:47]} 30. Rb3 {[%clk 0:22:44]} Kh8
{[%clk 0:16:36]} 31. Rf3 {[%clk 0:22:26]} Rg8 {[%clk 0:16:00]} 32. Qe2
{[%clk 0:22:03]} Qe7 {[%clk 0:14:50]} 33. Re3 {[%clk 0:20:52]} Qb4
{[%clk 0:07:44]} 34. Rxe6 {[%clk 0:18:43]} Qxd4 {[%clk 0:07:58]} 35. Qf3
{[%clk 0:15:51]} Rg6 {[%clk 0:04:27]} 36. Rce1 {[%clk 0:14:33]} Rbg8
{[%clk 0:02:47]} 37. Re8 {[%clk 0:13:41]} Qc4 {[%clk 0:02:46]} 38. Rxg8+
{[%clk 0:12:25]} Kxg8 {[%clk 0:03:15]} 39. Re6 {[%clk 0:12:23]} d4
{[%clk 0:01:15]} 40. Qe4 {[%clk 0:12:23]} Qxa4 {[%clk 0:00:32]} 41. c7
{[%clk 0:12:22]} Qd1+ {[%clk 0:24:59]} 42. Kh2 {[%clk 0:42:42]} d3
{[%clk 0:24:01]} 43. c8=Q+ {[%clk 0:43:04]} Kg7 {[%clk 0:24:28]} 44. Re7+
{[%clk 0:43:23]} Kh6 {[%clk 0:24:56]} 45. Qh4+ {[%clk 0:43:47]} Qh5
{[%clk 0:25:20]} 46. Rxh7+ {[%clk 0:44:12]} 1-0